Treatment of Skin Diseases A Practical Guide /

This book summarises the key clinical features and their treatment across a range of skin diseases and describes the decision-making process when referring patients to specialists. It describes how treatment of the skin is often very different to other specialities, as both topical and systemic medi...

Πλήρης περιγραφή

Λεπτομέρειες βιβλιογραφικής εγγραφής
Κύριοι συγγραφείς: Zaidi, Zohra (Συγγραφέας, http://id.loc.gov/vocabulary/relators/aut), Hussain, Khalid (http://id.loc.gov/vocabulary/relators/aut), Sudhakaran, Simi (http://id.loc.gov/vocabulary/relators/aut)
Συγγραφή απο Οργανισμό/Αρχή: SpringerLink (Online service)
Μορφή: Ηλεκτρονική πηγή Ηλ. βιβλίο
Γλώσσα:English
Έκδοση: Cham : Springer International Publishing : Imprint: Springer, 2019.
Έκδοση:1st ed. 2019.
Θέματα:
Διαθέσιμο Online:Full Text via HEAL-Link
LEADER 04721nam a2200469 4500
001 978-3-319-89581-9
003 DE-He213
005 20191024161908.0
007 cr nn 008mamaa
008 181024s2019 gw | s |||| 0|eng d
020 |a 9783319895819  |9 978-3-319-89581-9 
024 7 |a 10.1007/978-3-319-89581-9  |2 doi 
040 |d GrThAP 
050 4 |a RL1-803 
072 7 |a MJK  |2 bicssc 
072 7 |a MED017000  |2 bisacsh 
072 7 |a MJK  |2 thema 
082 0 4 |a 616.5  |2 23 
100 1 |a Zaidi, Zohra.  |e author.  |4 aut  |4 http://id.loc.gov/vocabulary/relators/aut 
245 1 0 |a Treatment of Skin Diseases  |h [electronic resource] :  |b A Practical Guide /  |c by Zohra Zaidi, Khalid Hussain, Simi Sudhakaran. 
250 |a 1st ed. 2019. 
264 1 |a Cham :  |b Springer International Publishing :  |b Imprint: Springer,  |c 2019. 
300 |a XXX, 551 p. 453 illus., 451 illus. in color.  |b online resource. 
336 |a text  |b txt  |2 rdacontent 
337 |a computer  |b c  |2 rdamedia 
338 |a online resource  |b cr  |2 rdacarrier 
347 |a text file  |b PDF  |2 rda 
505 0 |a Part 1. Skin Diseases and Treatment -- 1. Diagnosis of skin disease -- 2. Eczema -- 3. Keratinizing and papulosquamous disorders -- 4. Bacterial infections -- 5. Fungal infections -- 6. Viral infections -- 7. Parasitic infestations and diseases caused by arthropods -- 8. Connective tissue disorders -- 9. Bullous disorders -- 10. Disorders of pigmentation -- 11. Diseases due to ultraviolet radiation -- 12. Cutaneous reactions due to cold -- 13. Disorders of the sebaceous, sweat and apocrine glands -- 14. Urticaria and erythemas -- 15. Purpura -- 16. Diseases of the blood vessels and lymphatics -- 17. Pruritus -- 18. Leg ulcers. 19. Naevi and malformations -- 20. Tumours of the skin -- 21. Hair disorders -- 22. Nail disorders -- 23. Diseases of the oral cavity -- 24. Diseases of the subcutaneous fat -- 25. Cuaneous manifestations of diseases of the external genitalia -- 26. Sexually transmitted diseases -- 27. Psychocutaneous disorders -- 28. Ages of man and their dermatoses -- 29. Occupational dermatoses -- 30. Sports related skin injuries -- 31. Cutaneous manifestations of systemic disease -- 32. Cutaneous manifestations of malnutrition -- 33. Miscellaneous disorders -- 34. Burns -- 35. Cosmetic dermatology -- 36. Cutaneous drug reactions -- 37. Fundamentals of topical therapy -- 38. Topical corticosteroids -- Part 2. Management of Common Skin Problems -- 39. Management of dry skin -- 40. Management of eczema, wounds, blisters and hyperkeratosis -- 41. Management of the diabetic foot -- Part 3. Appendix -- 42. Common systemic medications used in Skin Diseases -- 43. Common topical medications used in Skin Diseases -- Part 4. Atlas -- 44. Atlas. 
520 |a This book summarises the key clinical features and their treatment across a range of skin diseases and describes the decision-making process when referring patients to specialists. It describes how treatment of the skin is often very different to other specialities, as both topical and systemic medications are used, and reviews the clinical signs, investigation and diagnostic approaches to skin diseases. Treatment of Skin Diseases: A Practical Guide principally aids primary care physicians, trainee dermatologists and dermatology nurse practitioners, but it is also a convenient management guide for allied health professionals, students and hospital-based physicians. A concise atlas of diagnostic photographs is included and incorporated with a simple set of common differentials to provide a useful reference for primary care readers and those training in dermatology. The book also contains information on the management of common skin problems, together providing a comprehensive introduction to the treatment of skin diseases. The treatment options for secondary and tertiary care are also included to provide a thorough picture of the spectrum of dermatologic therapeutics. 
650 0 |a Dermatology. 
650 0 |a General practice (Medicine). 
650 1 4 |a Dermatology.  |0 http://scigraph.springernature.com/things/product-market-codes/H1900X 
650 2 4 |a General Practice / Family Medicine.  |0 http://scigraph.springernature.com/things/product-market-codes/H24003 
700 1 |a Hussain, Khalid.  |e author.  |4 aut  |4 http://id.loc.gov/vocabulary/relators/aut 
700 1 |a Sudhakaran, Simi.  |e author.  |4 aut  |4 http://id.loc.gov/vocabulary/relators/aut 
710 2 |a SpringerLink (Online service) 
773 0 |t Springer eBooks 
776 0 8 |i Printed edition:  |z 9783319895802 
776 0 8 |i Printed edition:  |z 9783319895826 
856 4 0 |u https://doi.org/10.1007/978-3-319-89581-9  |z Full Text via HEAL-Link 
912 |a ZDB-2-SME 
950 |a Medicine (Springer-11650)